Qaidu and the Rise of the Independent Mongol State In Central Asia (Бичлэгийн дугаар. 144368)
| 000 -УДИРДЛАГА | |
|---|---|
| Удирдлага | 01468nam a2200385 4500 |
| 003 - ХЯНАЛТЫН ТОО ТОДОРХОЙЛОГЧ | |
| Код | MN-UlNUM |
| 005 - БИЧИЛТ ХИЙСЭН ОГНОО | |
| Тухайн бичилтийг бичсэн засварласан сүүлийн огноо | 20251009102100.0 |
| 008 - ЕРӨНХИЙ МЭДЭЭЛЭЛ | |
| Ерөнхий мэдээлэл | 250930s2016 enk||||| |||| 00| ||eng d |
| 020 ## - ISBN | |
| ISBN | 9781138984301 |
| -- | 9780700706310 |
| 040 ## - БИЧЛЭГ ҮҮСГЭГЧ БАЙГУУЛЛАГА | |
| Бичлэг үүсгэгч номын сангийн код | МУИС-ийн номын сан |
| 084 ## - ББК АНГИЛАЛ | |
| Нэмэлт тусгалт | Нэг сэдэвт бүтээл |
| Мэдлэгийн ялгаа | 63 - Түүх |
| ББК ангилал | 63.3(1) |
| Зохиогчийн гурван тэмдэгт | B 61 |
| 100 1# - ЗОХИОГЧ | |
| Зохиогчийн нэр | Biran, Michal |
| 240 ## - Шифр - Номын наалт, тайланд хэрэглэх | |
| Ангилалын дугаар /Зохиогчийн 3 тэмдэгт | 63.3(1) B 61 |
| 245 10 - ҮНДСЭН ГАРЧИГ | |
| Номын нэр | Qaidu and the Rise of the Independent Mongol State In Central Asia |
| 260 ## - ГАРАЛТЫН МЭДЭЭ | |
| Хэвлэлийн газар | Curzon |
| Хэвлэгдсэн он | 2016 |
| Хэвлэгдсэн газар | Surrey |
| 300 ## - МАТЕРИАЛЫН ТОДОРХОЙЛОЛТ | |
| хуудасны тоо | x, 198 p. : |
| Бусад тоон мэдээлэл | ill., maps ; |
| Хэмжээ | 23 cm |
| 500 ## - Тайлбар | |
| Дансны дугаар | ГФ 20861 |
| 505 ## - Агуулгын тэмдэглэгээ | |
| Агуулгын тэмдэглэгээ | Qaidu (1236-1301), one of the great rebels in the history of the Mongol Empire, was the grandson of Ogedei, the son Genghis Khan had chosen to be his heir. This boof recounts the dynastic convolutions and power struggle leading up to his rebellion and subsequent events. |
| 546 ## - ХЭЛНИЙ ТУХАЙ МЭДЭЭ | |
| Хэл | Англи хэл дээр, |
| 653 ## - Түлхүүр үг | |
| Түлхүүр үг | history |
| 653 ## - Түлхүүр үг | |
| Түлхүүр үг | history of Mongolia |
| 653 ## - Түлхүүр үг | |
| Түлхүүр үг | Mongol empire |
| 740 ## - НОМЫН ГАРЧИГ | |
| Гарчиг | The Rise of Qaidu |
| 740 ## - НОМЫН ГАРЧИГ | |
| Гарчиг | Qaidu and the Mongol uluses |
| 740 ## - НОМЫН ГАРЧИГ | |
| Гарчиг | The Confrontation with the Qa'an |
| 740 ## - НОМЫН ГАРЧИГ | |
| Гарчиг | The Ilkhans |
| 740 ## - НОМЫН ГАРЧИГ | |
| Гарчиг | The Jochids: the Golden Horde and the White Horde |
| 740 ## - НОМЫН ГАРЧИГ | |
| Гарчиг | The Shift into the Chaghadaids: the Collapse of Qaidu's Kingdom after his Death |
| 740 ## - НОМЫН ГАРЧИГ | |
| Гарчиг | The Mongol State of Central Asia: Internal Administration under Qaidu |
| 740 ## - НОМЫН ГАРЧИГ | |
| Гарчиг | The Army |
| 740 ## - НОМЫН ГАРЧИГ | |
| Гарчиг | Religion |
| 740 ## - НОМЫН ГАРЧИГ | |
| Гарчиг | Economy and Administration |
| 942 ## - ЭЛЕМЕНТИЙН ТӨРӨЛ | |
| Зүйлийн төрөл | Ном |
